Исследование диэлектрических свойств гетерогенных систем и разработка методов СВЧ контроля качества влажности строительных материалов: Диссертация на соискание ученой степени кандидата технических наук

التفاصيل البيبلوغرافية
المؤلف الرئيسي: Конев В. А.
مؤلف مشترك: Томский политехнический университет (ТПУ) Научно-исследовательский институт интроскопии (НИИ ИН)
مؤلفون آخرون: Воробьев А. А. Александр Акимович (научный руководитель)
اللغة:الروسية
منشور في: Томск, 1972
الموضوعات:
التنسيق: MixedMaterials كتاب
KOHA link:https://koha.lib.tpu.ru/cgi-bin/koha/opac-detail.pl?biblionumber=131808

MARC

LEADER 00000nbm0a2200000 4500
001 131808
005 20231031134617.0
035 |a (RuTPU)RU\TPU\book\142741 
090 |a 131808 
100 |a 20080222d1972 k y0rusy50 ca 
101 0 |a rus 
102 |a RU 
105 |a a m 000zy 
200 1 |a Исследование диэлектрических свойств гетерогенных систем и разработка методов СВЧ контроля качества влажности строительных материалов  |e Диссертация на соискание ученой степени кандидата технических наук  |f В. А. Конев  |g Томский политехнический институт ; Научно-исследовательский институт электронной интроскопии ; науч. рук. А. А. Воробьев 
210 |a Томск  |d 1972 
215 |a 244 л.  |c ил. 
610 1 |a диссертации 
610 1 |a гетерогенные системы 
610 1 |a СВЧ 
610 1 |a диэлектрические свойства 
610 1 |a строительные материалы 
610 1 |a влажность 
610 1 |a контроль 
610 1 |a излучение 
610 1 |a радиохимические свойства 
610 1 |a аналитические решения 
610 1 |a экспериментальные исследования 
610 1 |a приборы 
610 1 |a труды учёных ТПУ 
675 |a 620.179(04)  |v 3 
700 1 |a Конев  |b В. А. 
702 1 |a Воробьев  |b А. А.  |c российский физик  |c ректор Томского политехнического института, профессор  |f 1909-1981  |g Александр Акимович  |2 stltpush  |3 (RuTPU)RU\TPU\pers\12805  |4 727 
712 0 2 |a Томский политехнический университет (ТПУ)  |b Научно-исследовательский институт интроскопии (НИИ ИН)  |2 stltpush  |3 (RuTPU)RU\TPU\col\863 
801 1 |a RU  |b 63413507  |c 20080222  |g PSBO 
801 2 |a RU  |b 63413507  |c 20111212  |g PSBO 
942 |c BK